Знаменитые люди по имени Виктор - Statistics

General Stats
  • This quiz has been taken 77 times
    58 since last reset
  • The average score is 6 of 18
Answer Stats
Подсказка Ответ % Correct
Лидер рок-группы «Кино» Виктор {Цой}
96%
4-й Президент Украины Виктор {Янукович}
74%
Автор романа «Собор Парижской Богоматери» Виктор {Гюго}
68%
3-й Президент Украины Виктор {Ющенко}
58%
Премьер-министр Венгрии Виктор {Орбан}
50%
Актёр, снявшийся в фильмах «Брат» и «Остров» Виктор {Сухоруков}
48%
Шестикратный олимпийский чемпион по шорт-треку Виктор {Ан}
28%
Рекордсмен среди голкиперов по числу проведённых матчей за «Барселону» Виктор {Вальдес}
26%
Футболист и автор «золотого гола» в финале чемпионата Европы 1960 Виктор {Понедельник}
26%
Глава Росгвардии Виктор {Золотов}
24%
Сценарист программы «Куклы» Виктор {Шендерович}
20%
Торговец оружием Виктор {Бут}
20%
Футболист; выступал за «Лилль» и «Наполи» Виктор {Осимхен}
18%
Футболист; выступал за «Спартак» и «Реал Овьедо» Виктор {Онопко}
18%
Композитор песни «Party for Everybody» в исполнении «Бурановских бабушек» Виктор {Дробыш}
18%
Футболист; выступал за «Спартак» и «Челси» Виктор {Мозес}
12%
Актёр и капитан команды КВН «Сборная Санкт-Петербурга» Виктор {Васильев}
8%
Поэт-песенник и автор песен «Ты не ангел» и «Капитан» Виктор {Чайка}
4%
No matching quizzes found
Score Distribution
Percent of People with Each Score
Percentile by Number Answered
Your Score History
You have not taken this quiz since the last reset